000 00448nam a2200193Ia 4500
008 240510s9999 xx 000 0 und d
020 _a0000081219223
041 _aEng
082 _a004.0151
082 _bS16
100 _aSarkear,S.K
245 2 _aA TEXTBOOK OF DISCRETE MATHEMATICS
260 _bNew Delhi : S.Chand And Com
260 _c2003
300 _a6440 p.
650 _aDiscrete Mathematics
942 _2ddc
942 _cRBK
999 _c27324
_d27324
945 _a1
_bMadushi Gamage
_c1
_dMadushi Gamage